000 01128nam a2200241 i 4500
001 186966
003 SpMaBN
005 20230906222802.0
008 170310m19711973sp |||| | spa d
080 _a211"18/19"
245 0 3 _aEl ateísmo contemporáneo /
_c[comité de redacción, Giulio Girardi (et al.)].
260 _aMadrid :
_bCristiandad,
_c[1971-1973]
300 _a4 t. en 5 v. ;
_c24 cm.
500 _aÍndices.
504 _aReferencias bibliográficas.
505 8 _aContiene: I, v. 1-2 ;
_tEl ateísmo en la vida y en la cultura contemporánea (533 p., 547-1007 p.) - II ;
_tEl ateísmo en la filosofía contemporánea: corrientes y pensadores (528 p.) - III ;
_tEl ateísmo y los grandes problemas del hombre (571 p.) - IV ;
_tEl cristianismo frente al ateísmo (637 p.)
594 _aPrecede al tít.: Facultad Filosófica de la Universidad Pontificia Salesiana de Roma.
650 7 _aAteísmo-
_yS.XX.
_9162049
650 7 _aCristianismo y ateísmo.
_9160368
700 1 _aGirardi, Giulio.
_957231
710 2 _aPontificia Universitas Salesiana.
_96237
852 _aES-MaACL
_jL-31211-15
_z- enc. tela
999 _c186966
_d186966